00649nam a2200193Ia 4500003000900000005001700009008004100026040001300067040001300080041000800093100002900101245004300130250001100173260001200184260000900196300001200205490000600217600023200223IT-RoPAU20220918175247.0120407s9999 xx 000 0 und d aIT-RoPAU cIT-RoPAU aita aSimeone il Nuovo Teologo aCatéchèses. (Testo greco-francese) aParis  aDu Cerf c1963 c19,5 cm v1 a"t. 1° n. 1-5. 468 p. (Source Chrétiennes 96). t. 2° n. 6-22 393 p. “ 104. t. 3° n. 23-34 392 p. “ 113. "